000 00853nac a22002777a 4500
001 BR7803685
003 BR-BrBNA
005 20240105114237.0
008 230509b bl.|||m| |||| 00| 0 por d
040 _aBR-BrBNA
_bpor
_cBiblioteca Nacional de Agricultura
072 _aK20; U10
090 _aK20 BR7803685
100 1 _aVeiga, A. de A.
110 1 _aInstituto Florestal, Sao Paulo, SP (Brasil)
_96362
245 1 _aCalculo de volumes [Administracao florestal; Matematica; Dendrometria]
260 3 _aSao Paulo, SP (Brasil):
_c1978.
300 _ap. 1-18
490 _aPublicacao IF (Brazil)
_vno. 18
_x
500 _aSummary (En)
650 _aAdministracao florestal
650 _aMatematica
650 _aPlanejamento florestal
650 _aDendrometria
909 _a202312
_bLúcia Elande
_c55
_dLúcia Elande
942 _2AGRIS
_n0
_cMS
999 _c268227
_d268227